| 000 | 01253cam a2200349 a 4500 | ||
|---|---|---|---|
| 001 | 12496915 | ||
| 003 | NUST-PNEC | ||
| 005 | 20170116180740.0 | ||
| 008 | 010808s2001 nyua 001 0 eng d | ||
| 010 | _a 2001270873 | ||
| 020 | _a007213139X | ||
| 035 | _a(OCoLC)ocm46914596 | ||
| 040 | _cPNEC | ||
| 042 | _alccopycat | ||
| 050 | 0 | 0 |
_aTK5105.59 _b.B87 2001 |
| 082 | 0 | 0 |
_a005.82 BUR _221 |
| 100 | 1 | _aBurnett, Steve. | |
| 245 | 1 | 0 |
_aRSA Security's official guide to cryptography / _cSteve Burnett and Stephen Paine. |
| 246 | 3 | 0 | _aOfficial guide to cryptography |
| 260 |
_aNew York : _bOsborne/McGraw-Hill, _c2001. |
||
| 300 |
_axxi, 419 p. : _bill. ; _c23 cm. |
||
| 500 | _aIncludes index. | ||
| 650 | 0 |
_aComputer networks _xSecurity measures. _xComputer, MIS |
|
| 650 | 0 | _aData encryption (Computer science) | |
| 650 | 0 | _aCryptography. | |
| 700 | 1 | _aPaine, Stephen. | |
| 710 | 2 | _aRSA Security. | |
| 856 | 4 | 2 | _uhttp://www.amazon.com/RSA-Securitys-Official-Guide-Cryptography/dp/007213139X/ref=sr_1_1?s=books&ie=UTF8&qid=1418326394&sr=1-1&keywords=007213139X |
| 906 |
_a7 _bcbc _ccopycat _d2 _encip _f20 _gy-gencatlg |
||
| 942 |
_2ddc _cBK |
||
| 999 |
_c62145 _d62145 |
||